| 000 | 00619nam a2200169Ia 4500 | ||
|---|---|---|---|
| 008 | 100204s9999 xx 000 0 und d | ||
| 082 | _b27822 | ||
| 100 | _aग्रीन रॉबर्ट | ||
| 245 | _aसत्ता अधिकारप्राप्तीची 48 सुत्रे | ||
| 250 | _a0 | ||
| 260 | _c2007 | ||
| 300 | _a195 | ||
| 630 | _aसत्ता अधिकारप्राप्तीची 48 सुत्रे | ||
| 700 | _aदिघे अनघा | ||
| 730 | _aसत्ता अधिकारप्राप्तीची 48 सुत्रे | ||
| 942 | _cBOOK | ||
| 999 |
_c473002 _d472999 |
||